| 000 | 00891cam a2200217 4500 | ||
|---|---|---|---|
| 001 | WB3807-18 | ||
| 008 | 020220n2002 000 0 eng u | ||
| 035 | _a(Sirsi) u116758 | ||
| 245 | _aMinister ends rent notice anxieties | ||
| 260 | _c2002 | ||
| 490 |
_aHousing Today _v(221) 14 February 2002, 2(1) |
||
| 520 | _aLord Falconer pledges to resolve problems over the controversial rent increase 'first anniversary rule'. In a letter outlining his intentions it was stated he would be happy to take forward an order under the 2001 Regulatory Reform Act regularising future increases for assured tenants after 52 weeks. | ||
| 590 | _aWB | ||
| 650 | _aREGULATORY REFORM ACT 2001 | ||
| 650 | _aNATIONAL HOUSING FEDERATION | ||
| 650 | _aRENT INCREASES | ||
| 650 | _aLORD FALCONER | ||
| 650 | _aREGISTERED SOCIAL LANDLORDS | ||
| 690 | _aLANDLORD AND TENANT-RENT REVIEWS | ||
| 942 | _n0 | ||
| 999 |
_c69540 _d69540 |
||